Syntéza a 1,3-dipolárne cykloadičné reakcie päťčlánkových cyklických nitrónov odvodených z hexóz dizertačná práca

Gespeichert in:
Bibliographische Detailangaben
1. Verfasser: Malatinský, Tomáš
Format: Buch
Sprache:Slowakisch
Veröffentlicht: Bratislava STU FCHPT 2018
Online-Zugang:Im OPAC anzeigen
Tags: Tag hinzufügen
Keine Tags, Fügen Sie das erste Tag hinzu!

MARC

LEADER 00000nam a2200000 a 4500
005 20260127134233.0
008 200518 2018 xo a 001 0 slo d
035 |a vtls011967074 
039 9 |y 202005180921  |z mschk03 
040 |a STUSCHK1  |b slo  |c STUSCHK1  |e AACR2 
100 1 |a Malatinský, Tomáš 
245 1 |a Syntéza a 1,3-dipolárne cykloadičné reakcie päťčlánkových cyklických nitrónov odvodených z hexóz  |b dizertačná práca  |c Tomáš Malatinský 
260 |a Bratislava  |b STU FCHPT  |c 2018 
300 |a 174 s.  |b Obr., tab.  |c 25 cm 
500 |a Študijný program: organická chémia 
500 |a Študijný odbor: organická chémia 
500 |a Školiace pracovisko: Oddelenie organickej chémie 
500 |a Evid. číslo: FCHPT-19989-68564 
910 |a SCHK95 
999 |c 7490  |d 7490